000 00205nam a2200109Ia 4500
100 _aPaulo Coelho
942 _cBK
245 _aBrida
260 _bHopper Collins
_c2008
546 _aENGLISH
999 _c33908
_d33908